000 00593nam a2200229Ia 4500
003 OSt
005 20220918195631.0
006 a|||||r|||| 00| 0
007 ta
008 220917b |||||||| |||| 00| 0 eng d
024 _a85,582
037 _cTextual
040 _aARTS
_cARTS
_beng
041 _2eng
_aeng
082 _aSN13,8, L3
100 _aWheeler Harvery Ed
_990882
245 0 _aBeyond the punitive society
_b Oper and conditioning
260 _c1973
650 _aPSYCHOLOGY
942 _hSN13,8, L3
_cTEXL
_2CC
999 _c209295
_d209295